ՄԱՅՐ ԱԹՈՌ ՍՈՒՐԲ ԷՋՄԻԱԾԻՆ

«ՎԱՉԵ ԵՎ ԹԱՄԱՐ ՄԱՆՈՒԿՅԱՆ» ՄԱՏԵՆԱԴԱՐԱՆ

Жизнеизучение : (Record no. 74947)

MARC details
000 -LEADER
fixed length control field 00756nam a22002417a 4500
003 - CONTROL NUMBER IDENTIFIER
control field SEM
005 - DATE AND TIME OF LATEST TRANSACTION
control field 20240621122840.0
008 - FIXED-LENGTH DATA ELEMENTS--GENERAL INFORMATION
fixed length control field 240620m2002 us ||||gr||||||01|||rus|d
020 ## - INTERNATIONAL STANDARD BOOK NUMBER
International Standard Book Number 5-901482-0187-8 (Рос.) (Т. 4)
040 ## - CATALOGING SOURCE
Original cataloging agency SEM
Transcribing agency SEM
041 ## - LANGUAGE CODE
Language code of text/sound track or separate title rus
082 ## - DEWEY DECIMAL CLASSIFICATION NUMBER
Classification number 228/Л-55
100 ## - MAIN ENTRY--PERSONAL NAME
Personal name Ли, Уитнесс
Dates associated with a name (1905-1997)
245 ## - TITLE STATEMENT
Title Жизнеизучение :
Remainder of title Откровения /
Statement of responsibility, etc. У. Ли
246 ## - VARYING FORM OF TITLE
Title proper/short title Life-Study of Revelation /
260 ## - PUBLICATION, DISTRIBUTION, ETC.
Place of publication, distribution, etc. Анахайм :
Name of publisher, distributor, etc. «Живой поток»,
Date of publication, distribution, etc. 2001.
300 ## - PHYSICAL DESCRIPTION
Extent Т. ;
Dimensions 20 см
505 ## - FORMATTED CONTENTS NOTE
Formatted contents note Т. 4 -
Miscellaneous information 2001.-XII+636-846 с.<br/>
650 ## - SUBJECT ADDED ENTRY--TOPICAL TERM
Topical term or geographic name entry element Новий Завет
General subdivision Откровение
650 ## - SUBJECT ADDED ENTRY--TOPICAL TERM
Topical term or geographic name entry element Книга заключения
653 ## - INDEX TERM--UNCONTROLLED
Uncontrolled term ՍԷՄ
942 ## - ADDED ENTRY ELEMENTS (KOHA)
Source of classification or shelving scheme Dewey Decimal Classification
Koha item type Գրքեր/Books
Suppress in OPAC No
Holdings
Withdrawn status Lost status Source of classification or shelving scheme Damaged status Not for loan Collection code Home library Current library Date acquired Cost, normal purchase price Serial Enumeration / chronology Inventory number Total Checkouts Full call number Barcode Date last seen Price effective from Koha item type Public note
    Dewey Decimal Classification     Գրապահոց Մայր Աթոռ Սուրբ Էջմիածին «Վաչե և Թամար Մանուկյան» Մատենադարան Մայր Աթոռ Սուրբ Էջմիածին «Վաչե և Թամար Մանուկյան» Մատենադարան 20/06/2024 900.00 Т. 4 Рус-7324   228/Л-55 Рус-7324 20/06/2024 20/06/2024 Գրքեր/Books Սպասարկվում է ընթերցասրահ